000 00977nam a2200229Ia 4500
001 15727
003 GE_BSU
008 181216s||||||||xx |||||||||||||| ||und||
040 _cGE_BSU
080 _a821.353.1 + 821.353.1-2
100 _aწერეთელი, ა.
245 _aთხზულებათა სრული კრებული : 15 ტომად. ტ.9
245 _bდრამატული ნაწერები
245 _cტომის რედ.: ი. გრიშაშვილი.სარედ. კოლ. გ. აბზიანიძე. მხ. დ. და ვლ. ქუთათელაძეები
260 _aთბილისი
260 _bსაბჭ. საქართველო
260 _c1959
300 _a427 გვ.20 სმ
653 _aდრამატული ნაწერები
653 _aთხზულებათა სრული კრებული
942 _cBK
999 _c48825
_d48825